Masayoshi Takanaka's Albums - Statistics

General Stats
  • This quiz has been taken 52 times
    28 since last reset
  • The average score is 17 of 45
Answer Stats
Hint Hint Answer % Correct
Studio Album 1976 Seychelles
93%
Studio Album 1977 Takanaka
93%
Studio Album 1978 Brasilian Skies
86%
Studio Album 1981 The Rainbow Goblins
82%
Studio Album 1977 An Insatiable High
79%
Studio Album 1981 Alone
75%
Selected Compilation 1979 Al... All Of Me
71%
Studio Album 1979 Jolly Jive
71%
Studio Album 1982 Saudade
71%
Studio Album 1980 T-Wave
71%
Studio Album 1983 Can I Sing?
68%
Studio Album 1978 On Guitar
57%
Studio Album 1997 The White Goblin
57%
Studio Album 1980 Finger Dancin'
43%
Studio Album 1986 Jungle Jane
43%
Studio Album 1996 Guitar Wonder
39%
Studio Album 2000 Hunpluged
39%
Studio Album 1985 Traumatic - Far Eastern Detectives
39%
Studio Album 1988 Hot Pepper
36%
Studio Album 1993 Aquaplanet
32%
Studio Album 1991 Ballade
32%
Studio Album 1989 Gaps!
32%
Studio Album 1990 Nail the Pocket
32%
Studio Album 1984 夏・全・開 (Open All Summer)
32%
Studio Album 1998 Bahama
29%
Studio Album 2001 Guitar Dream
29%
Studio Album 2009 Natsudo (Summer Road)
29%
Studio Album 1987 Rendez-Vous
29%
Studio Album 2004 Surf & Turf
25%
Studio Album 1992 Fade to Blue
21%
Studio Album 2010 Karuizawa Daydream
21%
Studio Album 1994 Wood Chopper's Ball
21%
Studio Album 2011 40th Year Rainbow
18%
Collaboration Album 1995 Covers (with Pauline Wilson)
18%
Selected Compilation 1993 Th... The Lover
18%
Collaboration Album 1992 Little Richard Meets Masayoshi Takanaka
14%
Studio Album 1990 O' Holy Night
14%
Selected Compilation 2022 Ta... Takanaka All Time Super Best
14%
Studio Album 2002 The Moon Rose
11%
Studio Album 2011 Ukulele Seychelles
11%
Selected Compilation 2004 Go... Golden Best
7%
Studio Album 2006 Sadistic Takanaka
7%
Selected Compilation 1985 Si... Singing And Playing
4%
Studio Album 1999 Walkin'
4%
Studio Album 1996 Winter Days & Starry Nights
0%
No matching quizzes found
Score Distribution
Percent of People with Each Score
Percentile by Number Answered
Your Score History
You have not taken this quiz since the last reset